2026 MLB Opening Day Lineups - Statistics

General Stats
  • This quiz has been taken 149 times
  • The average score is 160 of 300
Answer Stats
Team Number Position Player % Correct
Diamondbacks 4 2B Ketel Marte
95%
Reds 4 RF Noelvi Marte
90%
Royals 0 RF Starling Marte
90%
Astros 11 RF Cam Smith
88%
Rangers 8 2B Josh Smith
88%
White Sox 64 P Shane Smith
88%
Dodgers 16 C Will Smith
88%
Diamondbacks 7 RF Corbin Carroll
87%
White Sox 0 CF Luisangel Acuna
86%
Braves 13 RF Ronald Acuna Jr.
86%
Marlins 50 C Agustin Ramirez
81%
Athletics 5 SS Jacob Wilson
81%
Braves 28 1B Matt Olson
81%
Athletics 10 3B Max Muncy
81%
Dodgers 13 3B Max Muncy
81%
Athletics 16 1B Nick Kurtz
81%
Red Sox 40 1B Willson Contreras
81%
Reds 44 SS Elly de La Cruz
80%
Diamondbacks 2 SS Geraldo Perdomo
80%
Guardians 11 3B José Ramírez
80%
Orioles 25 1B Pete Alonso
80%
Dodgers 17 DH Shohei Ohtani
80%
Diamondbacks 23 P Zac Gallen
80%
Orioles 2 SS Gunnar Henderson
79%
Braves 1 2B Ozzie Albies
79%
Phillies 53 RF Adolis Garcia
78%
Braves 27 3B Austin Riley
78%
Royals 7 SS Bobby Witt Jr.
78%
Royals 11 3B Maikel Garcia
78%
Yankees 99 RF Aaron Judge
77%
Brewers 22 DH Christian Yelich
77%
Dodgers 5 1B Freddie Freeman
77%
Dodgers 50 SS Mookie Betts
77%
Cubs 4 CF Pete Crow-Armstrong
77%
Athletics 23 C Shea Langeliers
77%
Brewers 24 C William Contreras
77%
Padres 23 RF Fernando Tatis Jr.
76%
Angels 27 RF Mike Trout
76%
Diamondbacks 28 3B Nolan Arenado
76%
Pirates 15 CF Oneil Cruz
76%
Cubs 3 3B Alex Bregman
74%
Phillies 3 1B Bryce Harper
74%
Braves 51 P Chris Sale
74%
Mets 22 RF Juan Soto
74%
Phillies 12 DH Kyle Schwarber
74%
Pirates 30 P Paul Skenes
74%
Royals 13 C Salvador Perez
74%
Dodgers 18 P Yoshinobu Yamamoto
74%
Orioles 35 C Adley Rutschman
73%
Mariners 44 CF Julio Rodriguez
73%
Tigers 29 P Tarik Skubal
73%
Phillies 7 SS Trea Turner
73%
Blue Jays 27 1B Vladimir Guerrero Jr.
73%
Astros 44 DH Yordan Alvarez
73%
Mariners 29 C Cal Raleigh
72%
Cubs 7 SS Dansby Swanson
72%
Marlins 13 LF Heriberto Hernandez
72%
Astros 27 2B Jose Altuve
72%
Dodgers 37 LF Teoscar Hernandez
72%
Phillies 28 3B Alec Bohm
71%
Mets 4 C Francisco Alvarez
71%
Mets 12 SS Francisco Lindor
71%
Phillies 10 C J.T. Realmuto
71%
Diamondbacks 5 CF Alek Thomas
70%
Dodgers 44 CF Andy Pages
70%
Mets 19 3B Bo Bichette
70%
Athletics 25 DH Brent Rooker
70%
Twins 25 CF Byron Buxton
70%
Braves 30 DH Drake Baldwin
70%
Diamondbacks 14 C Gabriel Moreno
70%
Twins 56 DH Josh Bell
70%
Padres 13 3B Manny Machado
70%
Cubs 29 1B Michael Busch
70%
Braves 23 CF Michael Harris II
70%
Cubs 2 2B Nico Hoerner
70%
Cardinals 43 C Pedro Pages
70%
Red Sox 10 SS Trevor Story
70%
Blue Jays 30 C Alejandro Kirk
69%
Guardians 23 C Bo Naylor
69%
Brewers 2 2B Brice Turang
69%
Red Sox 16 DH Jarren Duran
69%
Mariners 12 1B Josh Naylor
69%
Dodgers 23 RF Kyle Tucker
69%
Royals 15 CF Lane Thomas
69%
Athletics 40 P Luis Severino
69%
Yankees 54 P Max Fried
69%
Yankees 35 LF Cody Bellinger
67%
Rangers 5 SS Corey Seager
67%
Blue Jays 4 DH George Springer
67%
Nationals 29 LF James Wood
67%
Athletics 22 2B Jeff McNeil
67%
Red Sox 19 LF Roman Anthony
67%
Marlins 22 P Sandy Alcantara
67%
Yankees 28 C Austin Wells
66%
Yankees 27 DH Giancarlo Stanton
66%
Athletics 4 RF Lawrence Butler
66%
Giants 62 P Logan Webb
66%
Phillies 5 2B Bryson Stott
65%
Cubs 8 LF Ian Happ
65%
Yankees 13 2B Jazz Chisholm Jr.
65%
Mets 88 CF Luis Robert Jr.
65%
Yankees 22 1B Ben Rice
64%
Astros 8 1B Christian Walker
64%
Phillies 61 P Cristopher Sánchez
64%
Red Sox 35 P Garrett Crochet
64%
Cardinals 18 RF Jordan Walker
64%
Giants 16 DH Rafael Devers
64%
Guardians 38 LF Steven Kwan
64%
Royals 9 1B Vinnie Pasquantino
64%
Giants 2 SS Willy Adames
64%
Padres 2 SS Xander Bogaerts
64%
Astros 21 C Yainer Diaz
64%
Rays 2 DH Yandy Diaz
64%
Angels 9 SS Zach Neto
64%
Pirates 5 2B Brandon Lowe
63%
Angels 3 LF Josh Lowe
63%
Tigers 31 LF Riley Greene
63%
Yankees 19 3B Ryan McMahon
63%
Yankees 12 CF Trent Grisham
63%
Nationals 5 SS CJ Abrams
62%
Padres 3 CF Jackson Merrill
62%
Blue Jays 34 P Kevin Gausman
62%
Giants 1 2B Luis Arraez
62%
Mariners 56 LF Randy Arozarena
62%
Twins 22 SS Brooks Lee
60%
Athletics 1 CF Denzel Clarke
60%
Blue Jays 22 2B Ernie Clement
60%
Reds 28 DH Eugenio Suarez
60%
Mets 51 P Freddy Peralta
60%
Tigers 28 SS Javier Baez
60%
Giants 51 RF Jung Hoo Lee
60%
Mets 10 2B Marcus Semien
60%
Giants 26 3B Matt Chapman
60%
Astros 1 SS Carlos Correa
59%
Red Sox 3 CF Ceddanne Rafaela
59%
Astros 58 P Hunter Brown
59%
Rays 13 3B Junior Caminero
59%
Tigers 20 1B Spencer Torkelson
59%
Athletics 21 LF Tyler Soderstrom
59%
Red Sox 52 RF Wilyer Abreu
59%
Pirates 10 LF Bryan Reynolds
58%
Diamondbacks 41 1B Carlos Santana
58%
Royals 55 P Cole Ragans
58%
Rockies 15 C Hunter Goodman
58%
Twins 41 P Joe Ryan
58%
Blue Jays 5 CF Daulton Varsho
57%
Tigers 25 2B Gleyber Torres
57%
Braves 20 C Jonah Heim
57%
Cardinals 0 SS Masyn Winn
57%
White Sox 5 1B Munetaka Murakami
57%
Mariners 36 P Logan Gilbert
56%
Blue Jays 47 RF Addison Barger
55%
Phillies 16 LF Brandon Marsh
55%
Mets 11 1B Jorge Polanco
55%
Yankees 72 SS Jose Caballero
55%
Phillies 2 CF Justin Crawford
55%
Marlins 6 SS Otto Lopez
55%
Orioles 3 LF Taylor Ward
55%
Marlins 9 2B Xavier Edwards
55%
Blue Jays 0 SS Andres Gimenez
53%
Red Sox 75 C Carlos Narvaez
53%
Cubs 15 C Carson Kelly
53%
Rockies 14 SS Ezequiel Tovar
53%
Tigers 30 RF Kerry Carpenter
53%
Pirates 24 DH Marcell Ozuna
53%
Reds 9 2B Matt McLain
53%
Dodgers 72 2B Miguel Rojas
53%
Rangers 17 P Nathan Eovaldi
53%
Giants 14 C Patrick Bailey
53%
Mariners 33 3B Brendan Donovan
52%
Guardians 24 RF Chase DeLauter
52%
Rays 31 CF Cedric Mullins
51%
Padres 9 2B Jake Cronenworth
51%
Brewers 28 1B Andrew Vaughn
50%
Orioles 17 CF Colton Cowser
50%
Giants 17 LF Heliot Ramos
50%
Angels 7 CF Jo Adell
49%
Brewers 10 RF Sal Frelick
49%
White Sox 12 SS Colson Montgomery
48%
Tigers 13 C Dillon Dingler
48%
Rangers 21 1B Jake Burger
48%
Blue Jays 7 3B Kazuma Okamoto
48%
Guardians 28 P Tanner Bibee
48%
Royals 6 2B Jonathan India
47%
Rangers 6 3B Josh Jung
47%
Reds 3 3B Ke'Bryan Hayes
47%
Angels 14 C Logan O'Hoppe
47%
Twins 23 3B Royce Lewis
47%
Reds 27 1B Sal Stewart
47%
Reds 41 P Andrew Abbott
45%
Mets 7 DH Brett Baty
45%
Red Sox 5 3B Caleb Durbin
45%
Braves 36 LF Eli White
45%
Giants 9 CF Harrison Bader
45%
Astros 15 3B Isaac Paredes
45%
Cardinals 77 2B JJ Wetherholt
45%
Rockies 21 P Kyle Freeland
45%
Braves 14 SS Mauricio Dubon
45%
Orioles 28 P Trevor Rogers
45%
Rangers 24 RF Brandon Nimmo
44%
Pirates 32 C Henry Davis
44%
Brewers 32 P Jacob Misiorowski
44%
Rays 8 1B Jonathan Aranda
44%
Nationals 20 C Keibert Ruiz
44%
Cubs 16 P Matthew Boyd
44%
Cubs 6 RF Matt Shaw
44%
Angels 18 1B Nolan Schanuel
44%
Pirates 29 RF Ryan O'Hearn
44%
Reds 7 LF Spencer Steer
44%
Rangers 36 CF Wyatt Langford
44%
White Sox 23 DH Andrew Benintendi
43%
Guardians 4 SS Brayan Rocchio
43%
Angels 12 DH Jorge Soler
43%
Rockies 9 CF Brenton Doyle
42%
Mets 3 LF Carson Benge
42%
Guardians 8 1B Rhys Hoskins
42%
Reds 29 CF T.J. Friedl
42%
Reds 37 C Tyler Stephenson
42%
Mariners 2 2B Cole Young
41%
Nationals 30 CF Jacob Young
41%
Tigers 7 3B Kevin McGonigle
41%
White Sox 20 3B Miguel Vargas
41%
Orioles 29 DH Samuel Basallo
41%
Brewers 3 SS Joey Ortiz
40%
Guardians 9 DH Kyle Manzardo
40%
Blue Jays 38 LF Nathan Lukes
40%
Padres 27 P Nick Pivetta
40%
Cardinals 41 1B Alec Burleson
38%
Padres 30 1B Gavin Sheets
38%
Mariners 20 RF Luke Raley
38%
Orioles 9 RF Tyler O'Neill
38%
Padres 54 C Freddy Fermin
37%
Angels 59 P Jose Soriano
37%
Tigers 22 CF Parker Meadows
37%
Mariners 8 DH Dominic Canzone
36%
Guardians 13 2B Gabriel Arias
36%
Angels 10 3B Yoan Moncada
36%
Rays 7 SS Carson Williams
35%
Orioles 16 3B Coby Mayo
35%
Marlins 87 CF Jakob Marsee
35%
Twins 27 C Ryan Jeffers
35%
Twins 16 LF Austin Martin
34%
Cardinals 48 DH Ivan Herrera
34%
Rangers 4 DH Andrew McCutchen
33%
Rockies 31 LF Jake McCarthy
33%
Orioles 23 2B Blaze Alexander
31%
Brewers 5 CF Garrett Mitchell
31%
Cubs 25 DH Moises Ballesteros
31%
Cardinals 16 3B Nolan Gorman
31%
White Sox 10 2B Chase Meidroth
30%
Tigers 33 DH Colt Keith
30%
Rays 57 P Drew Rasmussen
30%
White Sox 7 C Edgar Quero
30%
Brewers 9 LF Jake Bauers
30%
Pirates 19 SS Jared Triolo
29%
Twins 15 2B Luke Keaschall
29%
White Sox 21 LF Austin Hays
28%
Royals 22 DH Carter Jensen
28%
Giants 10 1B Casey Schmitt
28%
Cardinals 11 CF Victor Scott II
28%
Royals 1 LF Isaac Collins
27%
Cardinals 52 P Matthew Liberatore
27%
Marlins 17 DH Owen Caissie
27%
Padres 5 LF Ramon Laureano
27%
Pirates 2 1B Spencer Horwitz
27%
Astros 6 CF Jake Meyers
26%
Diamondbacks 10 LF Jordan Lawlar
26%
Nationals 12 3B Brady House
24%
Rangers 9 C Danny Jansen
24%
Red Sox 2 2B Isiah Kiner-Falefa
24%
Twins 38 RF Matt Wallner
24%
Rockies 27 RF Jordan Beck
23%
Pirates 3 3B Nick Gonzales
23%
Diamondbacks 13 DH Tim Tawa
23%
Nationals 21 RF Joey Wiemer
22%
Rockies 3 2B Willi Castro
22%
Rays 21 RF Jonny DeLuca
21%
Mariners 76 SS Leo Rivas
21%
Rays 40 C Nick Fortes
21%
Rays 15 2B Ben Williamson
20%
Nationals 24 P Cade Cavalli
20%
Guardians 10 CF Daniel Schneemann
20%
Marlins 8 3B Javier Sanoja
20%
Rockies 7 1B T.J. Rumfield
20%
Padres 41 DH Miguel Andujar
19%
Marlins 15 RF Austin Slater
17%
Marlins 1 1B Connor Norby
17%
Nationals 4 DH Daylen Lile
17%
Astros 10 LF Joey Loperfido
17%
Angels 17 2B Oswald Peraza
17%
Brewers 6 3B David Hamilton
16%
Rockies 6 DH Edouard Julien
16%
Cardinals 27 LF Nathan Church
16%
Nationals 87 1B Andres Chaparro
14%
Twins 37 1B Victor Caratini
14%
Rockies 12 3B Kyle Karros
13%
Nationals 26 2B Nasim Nunez
13%
Rays 26 LF Ryan Vilade
13%
Rangers 0 LF Sam Haggerty
10%
White Sox 28 RF Everson Pereira
8%
No matching quizzes found
Score Distribution
Percent of People with Each Score
Percentile by Number Answered
Your Score History
You have not taken this quiz